000 00352nam a2200145Ia 4500
008 230917s9999||||xx |||||||||||||| ||und||
040 _e242762
_aMAIN
041 _aEnglish
082 _a320.011 V691M
100 _aVijay Singh
245 0 _aMahatma Gandhi ke rajnitik vichar: Ek vihangavlokan
260 _c2016
300 _a101 p.
942 _cTH
999 _c127153
_d127153